000 00639nam a22001577a 4500
003 ASAB
005 20180827062831.0
008 180509t xxu||||| |||| 00| 0 eng d
040 _cASAB
100 _aMaryam Bibi-sup-Dr. Najam-us-Sahar Sadaf Zaidi
_93823
245 _aTH-MS-Cloning nad Expression of Signal Transdueer and Activator of Transcription 3 (STAT3) and IN-silico Analysis os its Interaction with Hepatitis C Virus Core Protein (GT3A)
_cMaryam Bibi-sup-Dr. Najam-us-Sahar Sadaf Zaidi
260 _aIslamabad
_bASAB (NCVI)
_c2011
300 _axvii, 94 P
_b30 cm
630 _aVirology and Immunology
_93824
942 _2ddc
_cTH
999 _c480812
_d480812